| 000 | 00783pam a2200289 i 4500 | ||
|---|---|---|---|
| 999 |
_c1147 _d1147 |
||
| 001 | 016940830 | ||
| 003 | Uk | ||
| 005 | 20220314102629.0 | ||
| 008 | 140909s2015 enk j 000 1 eng d | ||
| 015 |
_aGBB4C7722 _2bnb |
||
| 016 | 7 |
_a016940830 _2Uk |
|
| 020 | _a9781909489943 (pbk.) : | ||
| 040 |
_aStDuBDS _beng _cStDuBDS _dUk _erda |
||
| 082 | 0 | 4 |
_aFIC SMI _223 |
| 100 | 1 |
_aSmith, Dan, _d1970- _eauthor. |
|
| 245 | 1 | 0 |
_aBig game / _cDan Smith. |
| 264 | 1 |
_aFrome : _bChicken House, _c2015. |
|
| 300 |
_a267 pages ; _c20 cm |
||
| 336 |
_atext _2rdacontent |
||
| 337 |
_aunmediated _2rdamedia |
||
| 338 |
_avolume _2rdacarrier |
||
| 500 |
_aFormerly CIP. _5Uk |
||
| 530 | _aAlso issued online. | ||
| 655 | 0 | _aSuspense fiction. | |
| 655 | 0 | _aYoung adult fiction. | |
| 942 |
_2ddc _cFIC |
||